[Event "DEM U18 2023"]
[Site "Willingen GER"]
[Date "2023.05.30"]
[Round "4"]
[White "May, Ben-Iven"]
[Black "Chitsazian, Daniel"]
[Result "1/2-1/2"]
[Termination "normal"]
[Board "13"]
[WhiteElo "1940"]
[BlackElo "1900"]
[WhiteClock "00:15:36"]
[BlackClock "00:28:54"]
[PlyCount "116"]
[WhiteFideId "16229673"]
[BlackFideId "34607560"]
[EventCountry "GER"]
[EventRounds "9"]
[EventType "swiss"]
[EventDate "2023.05.27"]

1. e4 {[%clk 01:30:57]} {[%emt 00:00:04]} c6 {[%clk 01:30:36]} {[%emt
00:00:23]} 2. Nc3 {[%clk 01:30:35]} {[%emt 00:00:53]} d5 {[%clk 01:30:41]}
{[%emt 00:00:24]} 3. Nf3 {[%clk 01:30:57]} {[%emt 00:00:08]} dxe4 {[%clk
01:30:57]} {[%emt 00:00:14]} 4. Nxe4 {[%clk 01:31:23]} {[%emt 00:00:05]} Nf6
{[%clk 01:30:57]} {[%emt 00:00:29]} 5. Nxf6+ {[%clk 01:31:34]} {[%emt
00:00:19]} exf6 {[%clk 01:31:20]} {[%emt 00:00:07]} 6. Bc4 {[%clk 01:30:17]}
{[%emt 00:01:48]} Bd6 {[%clk 01:30:34]} {[%emt 00:01:15]} 7. Qe2+ {[%clk
01:29:41]} {[%emt 00:01:06]} Qe7 {[%clk 01:28:06]} {[%emt 00:02:59]} 8. Qxe7+
{[%clk 01:29:53]} {[%emt 00:00:18]} Kxe7 {[%clk 01:27:48]} {[%emt 00:00:48]} 9.
O-O {[%clk 01:28:22]} {[%emt 00:02:01]} Be6 {[%clk 01:26:03]} {[%emt 00:02:14]}
10. Re1 {[%clk 01:27:25]} {[%emt 00:01:27]} Kd7 {[%clk 01:25:43]} {[%emt
00:00:51]} 11. Bf1 {[%clk 01:25:23]} {[%emt 00:02:31]} Na6 {[%clk 01:22:51]}
{[%emt 00:03:23]} 12. Bxa6 {[%clk 01:23:35]} {[%emt 00:02:18]} bxa6 {[%clk
01:23:20]} 13. d3 {[%clk 01:10:05]} {[%emt 00:13:59]} Bd5 {[%clk 01:07:04]}
{[%emt 00:16:46]} 14. Nd4 {[%clk 01:00:38]} {[%emt 00:09:57]} Rab8 {[%clk
00:41:37]} {[%emt 00:25:57]} 15. Nf5 {[%clk 00:37:17]} {[%emt 00:23:51]} Bc5
{[%clk 00:32:41]} {[%emt 00:09:27]} 16. c4 {[%clk 00:25:32]} {[%emt 00:12:19]}
Be6 {[%clk 00:22:28]} {[%emt 00:10:39]} 17. Nxg7 {[%clk 00:24:43]} {[%emt
00:01:18]} Bg4 {[%clk 00:22:57]} 18. h3 {[%clk 00:25:04]} {[%emt 00:00:10]}
Rhg8 {[%clk 00:21:29]} {[%emt 00:01:59]} 19. hxg4 {[%clk 00:25:18]} {[%emt
00:00:15]} Rxg7 {[%clk 00:21:54]} {[%emt 00:00:05]} 20. Re4 {[%clk 00:24:28]}
{[%emt 00:01:21]} f5 {[%clk 00:22:13]} {[%emt 00:00:11]} 21. Re5 {[%clk
00:20:06]} {[%emt 00:04:51]} Bd4 {[%clk 00:17:02]} {[%emt 00:05:41]} 22. Rxf5
{[%clk 00:20:06]} {[%emt 00:00:30]} Rxg4 {[%clk 00:17:12]} {[%emt 00:00:21]}
23. Rxf7+ {[%clk 00:16:35]} {[%emt 00:04:01]} Ke6 {[%clk 00:17:41]} 24. Rxh7
{[%clk 00:16:40]} {[%emt 00:00:25]} Rbg8 {[%clk 00:18:07]} {[%emt 00:00:04]}
25. Rh2 {[%clk 00:16:33]} {[%emt 00:00:38]} Rg3 {[%clk 00:16:16]} {[%emt
00:02:21]} 26. Be3 {[%clk 00:15:42]} {[%emt 00:01:20]} Bxe3 {[%clk 00:16:32]}
{[%emt 00:00:15]} 27. Re1 {[%clk 00:15:47]} {[%emt 00:00:24]} Rd8 {[%clk
00:15:24]} {[%emt 00:01:38]} 28. Rh3 {[%clk 00:12:50]} {[%emt 00:03:27]} Rxh3
{[%clk 00:10:31]} {[%emt 00:05:24]} 29. gxh3 {[%clk 00:13:18]} Rb8 {[%clk
00:09:55]} {[%emt 00:01:06]} 30. b3 {[%clk 00:12:50]} {[%emt 00:00:59]} a5
{[%clk 00:09:52]} {[%emt 00:00:32]} 31. Rxe3+ {[%clk 00:11:10]} {[%emt
00:02:10]} Kd6 {[%clk 00:10:11]} {[%emt 00:00:11]} 32. h4 {[%clk 00:10:38]}
{[%emt 00:01:02]} Kc5 {[%clk 00:09:50]} {[%emt 00:00:52]} 33. h5 {[%clk
00:10:26]} {[%emt 00:00:41]} Kb4 {[%clk 00:09:58]} {[%emt 00:00:22]} 34. h6
{[%clk 00:10:44]} {[%emt 00:00:12]} Ka3 {[%clk 00:10:04]} {[%emt 00:00:24]} 35.
h7 {[%clk 00:10:44]} {[%emt 00:00:29]} c5 {[%clk 00:10:06]} {[%emt 00:00:30]}
36. Rh3 {[%clk 00:10:49]} {[%emt 00:00:24]} Rh8 {[%clk 00:10:09]} {[%emt
00:00:27]} 37. f4 {[%clk 00:07:37]} {[%emt 00:03:43]} Kxa2 {[%clk 00:10:05]}
{[%emt 00:00:34]} 38. d4 {[%clk 00:06:39]} {[%emt 00:01:27]} cxd4 {[%clk
00:10:21]} {[%emt 00:00:14]} 39. f5 {[%clk 00:06:06]} {[%emt 00:01:04]} d3
{[%clk 00:09:19]} {[%emt 00:01:31]} 40. Rxd3 {[%clk 00:05:55]} {[%emt
00:00:42]} Rxh7 {[%clk 00:09:44]} {[%emt 00:00:05]} 41. Kg2 {[%clk 00:02:52]}
{[%emt 00:03:32]} Rf7 {[%clk 00:07:33]} {[%emt 00:02:42]} 42. Rf3 {[%clk
00:03:11]} {[%emt 00:00:10]} Ka3 {[%clk 00:28:28]} {[%emt 00:09:35]} 43. Kg3
{[%clk 00:33:12]} {[%emt 00:00:30]} a4 {[%clk 00:28:35]} {[%emt 00:00:22]} 44.
bxa4+ {[%clk 00:33:35]} {[%emt 00:00:07]} Kxa4 {[%clk 00:28:52]} {[%emt
00:00:14]} 45. Kg4 {[%clk 00:33:40]} {[%emt 00:00:25]} Kb4 {[%clk 00:27:01]}
{[%emt 00:02:20]} 46. Kg5 {[%clk 00:34:04]} {[%emt 00:00:06]} Kxc4 {[%clk
00:27:02]} {[%emt 00:00:30]} 47. Kg6 {[%clk 00:34:26]} {[%emt 00:00:07]} Rf8
{[%clk 00:27:04]} {[%emt 00:00:28]} 48. Kg7 {[%clk 00:33:27]} {[%emt 00:01:29]}
Rd8 {[%clk 00:27:04]} {[%emt 00:00:30]} 49. f6 {[%clk 00:27:47]} {[%emt
00:06:10]} a5 {[%clk 00:26:31]} {[%emt 00:01:04]} 50. f7 {[%clk 00:25:13]}
{[%emt 00:03:03]} a4 {[%clk 00:26:16]} {[%emt 00:00:46]} 51. f8=Q {[%clk
00:21:05]} {[%emt 00:04:37]} Rxf8 {[%clk 00:26:35]} {[%emt 00:00:11]} 52. Kxf8
{[%clk 00:20:41]} {[%emt 00:00:54]} Kb4 {[%clk 00:27:00]} {[%emt 00:00:05]} 53.
Ke7 {[%clk 00:20:34]} {[%emt 00:00:37]} a3 {[%clk 00:27:27]} {[%emt 00:00:03]}
54. Kd6 {[%clk 00:19:55]} {[%emt 00:01:10]} a2 {[%clk 00:27:52]} {[%emt
00:00:04]} 55. Rf1 {[%clk 00:20:22]} {[%emt 00:00:03]} Kb3 {[%clk 00:28:13]}
{[%emt 00:00:09]} 56. Kc5 {[%clk 00:20:42]} {[%emt 00:00:10]} Kb2 {[%clk
00:28:38]} {[%emt 00:00:05]} 57. Rf2+ {[%clk 00:19:39]} {[%emt 00:01:33]} Kb1
{[%clk 00:28:54]} {[%emt 00:00:14]} 58. Rxa2 {[%clk 00:15:36]} {[%emt
00:04:33]} Kxa2 {[%emt 00:00:08]} 1/2-1/2

[Event "DEM U18 2023"]
[Site "Willingen GER"]
[Date "2023.05.30"]
[Round "4"]
[White "Neugirg, Mika"]
[Black "Plaumann, Arvin"]
[Result "1/2-1/2"]
[Termination "normal"]
[Board "14"]
[WhiteElo "1781"]
[BlackElo "1786"]
[WhiteClock "00:12:23"]
[BlackClock "00:04:13"]
[PlyCount "56"]
[WhiteFideId "34619160"]
[BlackFideId "16272927"]
[EventCountry "GER"]
[EventRounds "9"]
[EventType "swiss"]
[EventDate "2023.05.27"]

1. Nf3 {[%clk 01:30:59]} d5 {[%clk 01:30:55]} {[%emt 00:00:06]} 2. e3 {[%clk
01:31:22]} {[%emt 00:00:07]} Nf6 {[%clk 01:31:17]} {[%emt 00:00:09]} 3. c4
{[%clk 01:31:23]} {[%emt 00:00:28]} c6 {[%clk 01:31:39]} {[%emt 00:00:08]} 4.
Nc3 {[%clk 01:31:26]} {[%emt 00:00:27]} e6 {[%clk 01:31:51]} {[%emt 00:00:18]}
5. b3 {[%clk 01:31:33]} {[%emt 00:00:23]} Be7 {[%clk 01:31:48]} {[%emt
00:00:33]} 6. Bb2 {[%clk 01:31:53]} {[%emt 00:00:10]} O-O {[%clk 01:30:53]}
{[%emt 00:01:26]} 7. d4 {[%clk 01:32:15]} {[%emt 00:00:07]} Nbd7 {[%clk
01:22:52]} {[%emt 00:08:32]} 8. Bd3 {[%clk 01:32:20]} {[%emt 00:00:25]} Bd6
{[%clk 01:13:12]} {[%emt 00:10:11]} 9. O-O {[%clk 01:31:59]} {[%emt 00:00:51]}
dxc4 {[%clk 01:08:36]} {[%emt 00:05:06]} 10. bxc4 {[%clk 01:29:45]} {[%emt
00:02:43]} c5 {[%clk 00:57:40]} {[%emt 00:11:26]} 11. Qc2 {[%clk 01:21:12]}
{[%emt 00:09:04]} b6 {[%clk 00:55:32]} {[%emt 00:02:38]} 12. d5 {[%clk
01:19:49]} {[%emt 00:01:52]} Ne5 {[%clk 00:53:13]} {[%emt 00:02:50]} 13. Nxe5
{[%clk 01:15:33]} {[%emt 00:04:45]} Bxe5 {[%clk 00:53:31]} {[%emt 00:00:12]}
14. e4 {[%clk 01:12:49]} {[%emt 00:03:15]} exd5 {[%clk 00:47:32]} {[%emt
00:06:29]} 15. exd5 {[%clk 01:11:21]} {[%emt 00:01:57]} Bg4 {[%clk 00:46:40]}
{[%emt 00:01:22]} 16. Rae1 {[%clk 00:56:10]} {[%emt 00:15:40]} Re8 {[%clk
00:39:57]} {[%emt 00:07:14]} 17. Bc1 {[%clk 00:51:54]} {[%emt 00:04:46]} Bh5
{[%clk 00:33:25]} {[%emt 00:07:01]} 18. h3 {[%clk 00:36:00]} {[%emt 00:16:25]}
Bg6 {[%clk 00:32:17]} {[%emt 00:01:38]} 19. Bxg6 {[%clk 00:35:14]} {[%emt
00:01:15]} hxg6 {[%clk 00:32:42]} {[%emt 00:00:06]} 20. Bg5 {[%clk 00:34:25]}
{[%emt 00:01:20]} Qd7 {[%clk 00:26:55]} {[%emt 00:06:17]} 21. Re2 {[%clk
00:29:46]} {[%emt 00:05:08]} Qf5 {[%clk 00:13:18]} {[%emt 00:14:07]} 22. Bxf6
{[%clk 00:26:40]} {[%emt 00:03:37]} Qxc2 {[%clk 00:12:29]} {[%emt 00:01:19]}
23. Rxc2 {[%clk 00:27:00]} {[%emt 00:00:09]} gxf6 {[%clk 00:11:38]} {[%emt
00:01:21]} 24. Ne2 {[%clk 00:20:16]} {[%emt 00:07:13]} Red8 {[%clk 00:11:09]}
{[%emt 00:01:00]} 25. Rd1 {[%clk 00:20:02]} {[%emt 00:00:44]} a6 {[%clk
00:10:19]} {[%emt 00:01:20]} 26. Nc3 {[%clk 00:16:28]} {[%emt 00:04:04]} Rab8
{[%clk 00:05:24]} {[%emt 00:05:25]} 27. a4 {[%clk 00:12:32]} {[%emt 00:04:26]}
b5 {[%clk 00:04:15]} {[%emt 00:01:40]} 28. cxb5 {[%clk 00:12:23]} {[%emt
00:00:38]} Bxc3 {[%clk 00:04:13]} {[%emt 00:00:32]} 1/2-1/2

[Event "DEM U18 2023"]
[Site "Willingen GER"]
[Date "2023.06.01"]
[Round "7"]
[White "Colbow, Collin"]
[Black "Albert, Markus"]
[Result "1-0"]
[Termination "normal"]
[Board "1"]
[WhiteTitle "FM"]
[WhiteElo "2408"]
[BlackElo "2232"]
[WhiteClock "00:18:46"]
[BlackClock "00:08:39"]
[PlyCount "94"]
[WhiteFideId "16201132"]
[BlackFideId "16292626"]
[EventCountry "GER"]
[EventRounds "9"]
[EventType "swiss"]
[EventDate "2023.05.27"]

1. Nf3 {[%clk 01:30:53]} {[%emt 00:00:07]} Nf6 {[%clk 01:30:27]} {[%emt
00:00:33]} 2. g3 {[%clk 01:31:16]} {[%emt 00:00:07]} b6 {[%clk 01:29:22]}
{[%emt 00:01:36]} 3. Bg2 {[%clk 01:30:22]} {[%emt 00:01:23]} Bb7 {[%clk
01:29:36]} {[%emt 00:00:19]} 4. O-O {[%clk 01:29:14]} {[%emt 00:01:36]} c5
{[%clk 01:22:14]} {[%emt 00:07:52]} 5. b3 {[%clk 01:24:32]} {[%emt 00:05:12]}
g6 {[%clk 01:20:04]} {[%emt 00:02:40]} 6. Bb2 {[%clk 01:24:21]} {[%emt
00:00:41]} Bg7 {[%clk 01:19:58]} {[%emt 00:00:35]} 7. c4 {[%clk 01:24:06]}
{[%emt 00:00:46]} O-O {[%clk 01:19:00]} {[%emt 00:01:26]} 8. d4 {[%clk
01:24:26]} {[%emt 00:00:11]} cxd4 {[%clk 00:59:09]} {[%emt 00:20:21]} 9. Qxd4
{[%clk 01:24:25]} {[%emt 00:00:31]} d5 {[%clk 00:51:12]} {[%emt 00:08:28]} 10.
cxd5 {[%clk 01:22:55]} {[%emt 00:02:02]} Qxd5 {[%clk 00:49:22]} {[%emt
00:02:18]} 11. Nc3 {[%clk 01:23:09]} {[%emt 00:00:16]} Qxd4 {[%clk 00:47:02]}
{[%emt 00:02:50]} 12. Nxd4 {[%clk 01:23:37]} {[%emt 00:00:02]} Bxg2 {[%clk
00:46:54]} {[%emt 00:00:37]} 13. Kxg2 {[%clk 01:24:02]} {[%emt 00:00:05]} Rc8
{[%clk 00:45:18]} {[%emt 00:02:06]} 14. Rfd1 {[%clk 01:14:34]} {[%emt
00:09:58]} Nc6 {[%clk 00:42:08]} {[%emt 00:03:40]} 15. Nxc6 {[%clk 01:14:08]}
{[%emt 00:00:57]} Rxc6 {[%clk 00:42:30]} {[%emt 00:00:07]} 16. Rac1 {[%clk
01:14:34]} {[%emt 00:00:04]} Rcc8 {[%clk 00:23:26]} {[%emt 00:19:34]} 17. Nb5
{[%clk 01:04:10]} {[%emt 00:10:54]} a6 {[%clk 00:22:08]} {[%emt 00:01:48]} 18.
Nc7 {[%clk 01:00:52]} {[%emt 00:03:48]} Ra7 {[%clk 00:21:12]} {[%emt 00:01:26]}
19. Ne6 {[%clk 00:46:59]} {[%emt 00:14:23]} Raa8 {[%clk 00:19:47]} {[%emt
00:01:56]} 20. Nc7 {[%clk 00:46:13]} {[%emt 00:01:15]} Ra7 {[%clk 00:19:53]}
{[%emt 00:00:24]} 21. Nd5 {[%clk 00:45:57]} {[%emt 00:00:46]} Rxc1 {[%clk
00:19:58]} {[%emt 00:00:24]} 22. Bxc1 {[%clk 00:45:39]} {[%emt 00:00:48]} Nxd5
{[%clk 00:15:04]} {[%emt 00:05:24]} 23. Rxd5 {[%clk 00:43:42]} {[%emt
00:02:28]} Ra8 {[%clk 00:13:41]} {[%emt 00:01:53]} 24. a4 {[%clk 00:35:28]}
{[%emt 00:08:43]} Bf8 {[%clk 00:09:29]} {[%emt 00:04:42]} 25. Rd7 {[%clk
00:32:47]} {[%emt 00:03:11]} e6 {[%clk 00:07:26]} {[%emt 00:02:33]} 26. Rb7
{[%clk 00:31:37]} {[%emt 00:01:40]} Bc5 {[%clk 00:06:45]} {[%emt 00:01:11]} 27.
Bf4 {[%clk 00:31:50]} {[%emt 00:00:17]} Rc8 {[%clk 00:03:26]} {[%emt 00:03:49]}
28. Ra7 {[%clk 00:24:49]} {[%emt 00:07:31]} a5 {[%clk 00:03:08]} {[%emt
00:00:48]} 29. Rb7 {[%clk 00:25:05]} {[%emt 00:00:14]} Rc6 {[%clk 00:00:52]}
{[%emt 00:02:46]} 30. Be5 {[%clk 00:23:53]} {[%emt 00:01:43]} Kf8 {[%clk
00:00:51]} {[%emt 00:00:31]} 31. Bf6 {[%clk 00:18:31]} {[%emt 00:05:51]} Rc8
{[%clk 00:00:39]} {[%emt 00:00:41]} 32. g4 {[%clk 00:15:28]} {[%emt 00:03:34]}
Ke8 {[%clk 00:00:32]} {[%emt 00:00:37]} 33. e3 {[%clk 00:13:50]} {[%emt
00:02:08]} Kf8 {[%clk 00:00:37]} {[%emt 00:00:25]} 34. h3 {[%clk 00:07:03]}
{[%emt 00:07:17]} Ke8 {[%clk 00:00:52]} {[%emt 00:00:16]} 35. Kf3 {[%clk
00:07:28]} {[%emt 00:00:05]} Kf8 {[%clk 00:00:33]} {[%emt 00:00:48]} 36. Kf4
{[%clk 00:07:05]} {[%emt 00:00:53]} h6 {[%clk 00:00:32]} {[%emt 00:00:31]} 37.
Kf3 {[%clk 00:05:35]} {[%emt 00:02:00]} Ke8 {[%clk 00:00:43]} {[%emt 00:00:19]}
38. Bg7 {[%clk 00:03:55]} {[%emt 00:02:09]} Rd8 {[%clk 00:01:04]} {[%emt
00:00:10]} 39. Bf6 {[%clk 00:01:59]} {[%emt 00:02:27]} Rd5 {[%clk 00:00:59]}
{[%emt 00:00:35]} 40. Ke4 {[%clk 00:01:33]} {[%emt 00:00:54]} h5 {[%clk
00:00:34]} {[%emt 00:00:56]} 41. f4 {[%clk 00:22:16]} {[%emt 00:09:47]} hxg4
{[%clk 00:23:48]} {[%emt 00:07:16]} 42. hxg4 {[%clk 00:22:43]} {[%emt
00:00:03]} Rd6 {[%clk 00:23:40]} {[%emt 00:00:38]} 43. Rb8+ {[%clk 00:20:11]}
{[%emt 00:03:02]} Kd7 {[%clk 00:24:03]} {[%emt 00:00:06]} 44. Rf8 {[%clk
00:20:15]} {[%emt 00:00:26]} e5 {[%clk 00:10:51]} {[%emt 00:13:43]} 45. Bxe5
{[%clk 00:18:18]} {[%emt 00:02:27]} Re6 {[%clk 00:08:15]} {[%emt 00:03:05]} 46.
Rxf7+ {[%clk 00:18:25]} {[%emt 00:00:23]} Kc6 {[%clk 00:08:39]} {[%emt
00:00:06]} 47. Rc7# {[%clk 00:18:46]} {[%emt 00:00:09]} Kd5+ {[%emt 00:00:04]}
1-0

[Event "DEM U18 2023"]
[Site "Willingen GER"]
[Date "2023.06.01"]
[Round "7"]
[White "Nied, Pascal"]
[Black "Bilovil, Bogdan"]
[Result "0-1"]
[Termination "normal"]
[Board "2"]
[BlackTitle "FM"]
[WhiteElo "2189"]
[BlackElo "2348"]
[WhiteClock "00:00:33"]
[BlackClock "00:09:29"]
[PlyCount "140"]
[WhiteFideId "16260597"]
[BlackFideId "14168766"]
[EventCountry "GER"]
[EventRounds "9"]
[EventType "swiss"]
[EventDate "2023.05.27"]

1. e4 {[%clk 01:30:57]} {[%emt 00:00:01]} e6 {[%clk 01:30:45]} {[%emt
00:00:16]} 2. d4 {[%clk 01:31:19]} {[%emt 00:00:08]} d5 {[%clk 01:31:07]}
{[%emt 00:00:08]} 3. Nd2 {[%clk 01:31:41]} {[%emt 00:00:07]} c5 {[%clk
01:31:03]} {[%emt 00:00:35]} 4. exd5 {[%clk 01:32:02]} {[%emt 00:00:09]} Qxd5
{[%clk 01:31:15]} {[%emt 00:00:18]} 5. Ngf3 {[%clk 01:32:26]} {[%emt 00:00:06]}
cxd4 {[%clk 01:31:32]} {[%emt 00:00:13]} 6. Bc4 {[%clk 01:32:49]} {[%emt
00:00:07]} Qd7 {[%clk 01:31:48]} {[%emt 00:00:14]} 7. O-O {[%clk 01:32:39]}
{[%emt 00:00:41]} Nc6 {[%clk 01:32:03]} {[%emt 00:00:14]} 8. Nb3 {[%clk
01:32:32]} {[%emt 00:00:36]} a6 {[%clk 01:32:20]} {[%emt 00:00:13]} 9. Nbxd4
{[%clk 01:30:28]} {[%emt 00:02:34]} Nxd4 {[%clk 01:32:05]} {[%emt 00:00:46]}
10. Nxd4 {[%clk 01:30:28]} {[%emt 00:00:30]} Qc7 {[%clk 01:32:17]} {[%emt
00:00:19]} 11. Qe2 {[%clk 01:22:28]} {[%emt 00:08:29]} Bd6 {[%clk 01:29:20]}
{[%emt 00:03:24]} 12. h3 {[%clk 01:18:12]} {[%emt 00:04:48]} Ne7 {[%clk
01:29:01]} {[%emt 00:00:50]} 13. a4 {[%clk 01:08:21]} {[%emt 00:10:21]} O-O
{[%clk 01:27:22]} {[%emt 00:02:09]} 14. Rd1 {[%clk 00:55:42]} {[%emt 00:13:08]}
Ng6 {[%clk 01:14:16]} {[%emt 00:13:37]} 15. Bb3 {[%clk 00:47:16]} {[%emt
00:08:55]} Kh8 {[%clk 01:00:11]} {[%emt 00:14:37]} 16. Be3 {[%clk 00:39:11]}
{[%emt 00:08:34]} b6 {[%clk 00:44:56]} {[%emt 00:15:45]} 17. Qc4 {[%clk
00:22:49]} {[%emt 00:16:51]} Bb7 {[%clk 00:32:18]} {[%emt 00:13:09]} 18. a5
{[%clk 00:19:28]} {[%emt 00:03:51]} Bh2+ {[%clk 00:24:05]} {[%emt 00:08:43]}
19. Kf1 {[%clk 00:15:28]} {[%emt 00:04:30]} Nh4 {[%clk 00:20:31]} {[%emt
00:04:04]} 20. Nf3 {[%clk 00:07:52]} {[%emt 00:08:06]} Nxf3 {[%clk 00:12:36]}
{[%emt 00:08:25]} 21. Qxc7 {[%clk 00:07:35]} {[%emt 00:00:47]} Bxc7 {[%clk
00:12:44]} {[%emt 00:00:22]} 22. gxf3 {[%clk 00:08:01]} {[%emt 00:00:04]} bxa5
{[%clk 00:12:16]} {[%emt 00:00:59]} 23. Rd7 {[%clk 00:06:45]} {[%emt 00:01:45]}
Rac8 {[%clk 00:10:58]} {[%emt 00:01:48]} 24. Bb6 {[%clk 00:06:32]} {[%emt
00:00:42]} Bxb6 {[%clk 00:10:58]} {[%emt 00:00:30]} 25. Rxb7 {[%clk 00:06:56]}
{[%emt 00:00:05]} Rb8 {[%clk 00:10:42]} {[%emt 00:00:47]} 26. Rxb8 {[%clk
00:05:25]} {[%emt 00:02:01]} Rxb8 {[%clk 00:11:10]} {[%emt 00:00:02]} 27. Bc4
{[%clk 00:04:43]} {[%emt 00:01:11]} Rc8 {[%clk 00:09:16]} {[%emt 00:02:25]} 28.
Bd3 {[%clk 00:05:05]} {[%emt 00:00:08]} g5 {[%clk 00:07:46]} {[%emt 00:01:59]}
29. Ra4 {[%clk 00:04:51]} {[%emt 00:00:45]} Kg7 {[%clk 00:07:30]} {[%emt
00:00:46]} 30. Rc4 {[%clk 00:04:24]} {[%emt 00:00:57]} Rb8 {[%clk 00:07:37]}
{[%emt 00:00:23]} 31. b3 {[%clk 00:03:59]} {[%emt 00:00:54]} h6 {[%clk
00:06:12]} {[%emt 00:01:56]} 32. Re4 {[%clk 00:02:44]} {[%emt 00:01:44]} Rd8
{[%clk 00:06:12]} {[%emt 00:00:31]} 33. Ke2 {[%clk 00:02:41]} {[%emt 00:00:33]}
Rd6 {[%clk 00:06:31]} {[%emt 00:00:11]} 34. Rc4 {[%clk 00:02:21]} {[%emt
00:00:49]} Rd5 {[%clk 00:01:55]} {[%emt 00:05:07]} 35. Re4 {[%clk 00:01:51]}
{[%emt 00:01:00]} Bd4 {[%clk 00:01:24]} {[%emt 00:01:01]} 36. Bxa6 {[%clk
00:00:37]} {[%emt 00:01:43]} e5 {[%clk 00:00:52]} {[%emt 00:01:03]} 37. Kf1
{[%clk 00:01:01]} {[%emt 00:00:06]} f5 {[%clk 00:01:04]} {[%emt 00:00:18]} 38.
Re2 {[%clk 00:01:16]} {[%emt 00:00:14]} Bc3 {[%clk 00:01:18]} {[%emt 00:00:16]}
39. Bd3 {[%clk 00:01:37]} {[%emt 00:00:08]} Kf6 {[%clk 00:01:18]} {[%emt
00:00:31]} 40. Kg2 {[%clk 00:01:01]} {[%emt 00:01:05]} Bb4 {[%clk 00:00:57]}
{[%emt 00:00:53]} 41. Kf1 {[%clk 00:29:39]} {[%emt 00:01:51]} Rd4 {[%clk
00:29:50]} {[%emt 00:01:38]} 42. Kg2 {[%clk 00:26:39]} {[%emt 00:03:30]} h5
{[%clk 00:29:11]} {[%emt 00:01:09]} 43. Kh2 {[%clk 00:23:55]} {[%emt 00:03:13]}
Rd8 {[%clk 00:27:11]} {[%emt 00:02:31]} 44. Kg2 {[%clk 00:23:42]} {[%emt
00:00:42]} Rd6 {[%clk 00:27:33]} {[%emt 00:00:09]} 45. Kh2 {[%clk 00:23:15]}
{[%emt 00:00:56]} Rd4 {[%clk 00:27:58]} {[%emt 00:00:06]} 46. Kg2 {[%clk
00:21:34]} {[%emt 00:02:10]} g4 {[%clk 00:15:05]} {[%emt 00:13:24]} 47. hxg4
{[%clk 00:15:34]} {[%emt 00:06:30]} hxg4 {[%clk 00:15:33]} {[%emt 00:00:02]}
48. fxg4 {[%clk 00:12:45]} {[%emt 00:03:19]} Rxg4+ {[%clk 00:14:52]} {[%emt
00:01:12]} 49. Kf1 {[%clk 00:12:31]} {[%emt 00:00:43]} e4 {[%clk 00:15:13]}
{[%emt 00:00:09]} 50. Bb5 {[%clk 00:12:22]} {[%emt 00:00:38]} Ke5 {[%clk
00:14:36]} {[%emt 00:01:08]} 51. c3 {[%clk 00:04:32]} {[%emt 00:08:21]} Bxc3
{[%clk 00:14:50]} {[%emt 00:00:16]} 52. Rc2 {[%clk 00:04:13]} {[%emt 00:00:48]}
Bd4 {[%clk 00:13:00]} {[%emt 00:02:20]} 53. Be2 {[%clk 00:04:20]} {[%emt
00:00:23]} Rf4 {[%clk 00:13:08]} {[%emt 00:00:22]} 54. Bd1 {[%clk 00:04:24]}
{[%emt 00:00:25]} Rh4 {[%clk 00:13:11]} {[%emt 00:00:27]} 55. Kg2 {[%clk
00:03:53]} {[%emt 00:01:02]} Rh8 {[%clk 00:11:40]} {[%emt 00:02:00]} 56. Rd2
{[%clk 00:02:12]} {[%emt 00:02:11]} f4 {[%clk 00:10:41]} {[%emt 00:01:29]} 57.
f3 {[%clk 00:01:09]} {[%emt 00:01:33]} Rg8+ {[%clk 00:09:19]} {[%emt 00:01:53]}
58. Kh2 {[%clk 00:01:20]} {[%emt 00:00:18]} Bg1+ {[%clk 00:07:45]} {[%emt
00:02:04]} 59. Kh1 {[%clk 00:01:18]} {[%emt 00:00:32]} Be3 {[%clk 00:08:08]}
{[%emt 00:00:07]} 60. Rg2 {[%clk 00:00:55]} {[%emt 00:00:53]} Rh8+ {[%clk
00:07:56]} {[%emt 00:00:42]} 61. Rh2 {[%clk 00:01:19]} {[%emt 00:00:06]} Rc8
{[%clk 00:08:14]} {[%emt 00:00:12]} 62. Kg2 {[%clk 00:00:32]} {[%emt 00:01:17]}
Rg8+ {[%clk 00:08:05]} {[%emt 00:00:38]} 63. Kh3 {[%clk 00:00:32]} {[%emt
00:00:31]} Rg3+ {[%clk 00:08:17]} {[%emt 00:00:18]} 64. Kh4 {[%clk 00:01:01]}
exf3 {[%clk 00:08:46]} {[%emt 00:00:01]} 65. Rh1 {[%clk 00:00:31]} {[%emt
00:01:00]} f2 {[%clk 00:08:25]} {[%emt 00:00:51]} 66. Rf1 {[%clk 00:00:36]}
{[%emt 00:00:25]} Rg1 {[%clk 00:08:06]} {[%emt 00:00:49]} 67. Be2 {[%clk
00:00:59]} {[%emt 00:00:07]} f3 {[%clk 00:08:31]} {[%emt 00:00:05]} 68. Bb5
{[%clk 00:00:40]} {[%emt 00:00:48]} Kd4 {[%clk 00:08:56]} {[%emt 00:00:05]} 69.
Kh3 {[%clk 00:00:33]} {[%emt 00:00:38]} Kc3 {[%clk 00:09:21]} {[%emt 00:00:05]}
70. Bc4 {[%clk 00:00:33]} {[%emt 00:00:30]} a4 {[%clk 00:09:29]} {[%emt
00:00:22]} 0-1